Szczegóły MARC21

Die Leiden des jungen Werther /

003 -Nazwa inst., której nr kontr. jest w polu 001 [,]
    • @
    • Nazwa instytucji, której n kontrolny jest w polu 001
    • NUKAT
005 -DATA I CZAS OSTATNIEJ MODYFIKACJI [,]
    • @
    • pole kontrolne
    • 20241231102119.0
020 -Międzynarod. znormalizowany nr książki - ISBN [ , ]
    • a
    • Numer ISBN
    • 3872911147 Find
040 -Instytucja sporządzająca opis [ , ]
    • a
    • Instytucja, która sporządziła opis (NP)
    • WA U/55SZM
    • c
    • Instytucja, która sporządziła rekord (NP)
    • WA U/SZM
    • d
    • Instytucja, która zmodyfikowała rekord (P)
    • WA U/55SZM
942 -Rodzaj dokumentu [ , ]
    • c
    • Rodzaj dokumentu
    • Książka
100 -Hasło główne - nazwa osobowa [1, ]
    • a
    • Nazwa osobowa (NP)
    • Goethe, Johann Wolfgang von
    • d
    • Daty biograficzne (NP)
    • (1749-1832).
    • 9
    • KHW
    • 16761
240 -Tytuł ujednolicony [1,0]
    • a
    • Tytuł ujednolicony
    • Leiden des jungen Werthers
    • l
    • Język tekstu
    • (niem.)
    • 9
    • KHW
    • 414983
245 -Strefa tytułu i oznaczenia odpowiedzialności [1,4]
    • a
    • Tytuł
    • Die Leiden des jungen Werther / Find
    • c
    • Pozostałe elementy strefy tytułu i oznaczenia odpowiedzialności (NP)
    • Johann Wolfgang von Goethe ; Heftbearb.: Uwe Lehmann.
260 -Strefa adresu wydawniczego [ , ]
    • a
    • Miejsce wydania (P)
    • Husum/Nordsee :
    • b
    • Nazwa wydawcy (P)
    • Hamburger-Lesehefte-Verl.,
    • c
    • Data wydania (P)
    • [2002].
300 -Strefa opisu fizycznego [ , ]
    • a
    • Określenie formy książki i/lub objętość (NP)
    • 120 s. ;
    • c
    • Format (NP)
    • 20 cm.
336 -Typ zawartości [ , ]
    • a
    • Termin opisujący typ zawartości
    • Tekst
    • b
    • Kod określający zawartość
    • txt
    • 2
    • Źródło (terminu i kodu)
    • rdacontent
337 -Typ mediów [ , ]
    • a
    • Tryb odtwarzania
    • Bez urządzenia pośredniczącego
    • b
    • Kod typu mediów
    • n
    • 2
    • Źródło (terminu i kodu)
    • rdamedia
338 -Typ/rodzaj nośnika [ , ]
    • a
    • Hasło opisujące typ nośnika
    • Wolumin
    • b
    • Kod typu nośnika
    • nc
    • 2
    • Źródło (terminu i kodu)
    • rdacarrier
490 -Strefa serii i książki wielotomowej - forma nie do wyszukiwania [1, ]
    • a
    • Tytuł (P)
    • Hamburger Leseheft ; Find
    • v
    • Numeracja (P)
    • H. 115
830 -Hasło dodatkowe serii i opisu książki wielotomowej - tytuł ujednolicony/tytuł [ ,0]
    • a
    • Tytuł ujednolicony/tytuł (NP)
    • Hamburger Leseheft
    • v
    • Oznaczenie tomu (NP)
    • H. 115
    • 9
    • KHW
    • 401732
500 -Uwaga ogólna [ , ]
    • a
    • Uwaga ogólna (NP)
    • R. wyd. wg DNB online.
700 -Hasło dodatkowe - nazwa osobowa [1, ]
    • a
    • Nazwa osobowa (NP)
    • Lehmann, Uwe. Find
    • e
    • Określenie rodzaju współpracy
    • Red.
    • 9
    • KHW
    • 414982
920 -ISBN [ , ]
    • a
    • ISBN
    • 3-87291-114-7 Find
Status udost. Numer inwentarzowy Data inwentaryzacji Lokalizacja Sygnatura
-3G.93381994-01-12BMGerm. Literatura niemiecka